[Event "K41 Aabent Mesterskab 2009-10"]
[Site "Valby"]
[Date "2009.11.03"]
[Round "1"]
[White "Abildgaard, Kenneth"]
[Black "Kristensen, Steffen Michael"]
[Result "1-0"]
[WhiteElo "1843"]
[BlackElo "1390"]
[PlyCount "55"]
[EventDate "2009.??.??"]

1. e4 c5 2. Nf3 d6 3. Bb5+ Bd7 4. Bxd7+ Nxd7 5. d4 g6 6. c4 Ngf6 7. Nc3 Bg7 8.
O-O O-O 9. Re1 cxd4 10. Nxd4 Ne5 11. b3 Qc8 12. f4 Nc6 13. Nxc6 bxc6 14. Rb1
Qg4 15. Qc2 Nh5 16. Ne2 c5 17. Be3 Bh6 18. Rf1 e5 19. h3 Qh4 20. Bf2 Qf6 21.
Qc3 Nxf4 22. Nxf4 Qxf4 23. Bxc5 Qxe4 24. Bxd6 Be3+ 25. Kh1 Bd4 26. Qa5 Rfe8 27.
Rbe1 Qd3 28. Qd5 1-0

[Event "K41 Aabent Mesterskab 2009-10"]
[Site "Valby"]
[Date "2009.11.03"]
[Round "1"]
[White "Christensen, Aage Niels"]
[Black "Munk, Poul"]
[Result "1/2-1/2"]
[WhiteElo "1391"]
[BlackElo "1861"]
[PlyCount "49"]
[EventDate "2009.??.??"]

1. f4 d5 2. Nf3 g6 3. d3 Bg7 4. Nbd2 e6 5. e4 Ne7 6. Be2 c5 7. O-O Nbc6 8. Kh1
Qc7 9. a3 b6 10. Ng5 O-O 11. Ndf3 Bb7 12. Qe1 h6 13. Qh4 hxg5 14. Nxg5 Rfe8 15.
Nh7 Qd8 16. Qh3 Nd4 17. Bf3 Nxc2 18. Rb1 Nd4 19. f5 exf5 20. e5 Ne6 21. Nf6+
Bxf6 22. exf6 Nc8 23. Qh4 Nd6 24. g4 fxg4 25. Bxg4 1/2-1/2

[Event "K41 Aabent Mesterskab 2009-10"]
[Site "Valby"]
[Date "2009.11.03"]
[Round "1"]
[White "Egholm, Leif"]
[Black "Ottosen, Peder"]
[Result "0-1"]
[WhiteElo "1621"]
[BlackElo "2033"]
[PlyCount "80"]
[EventDate "2009.??.??"]

1. e4 c5 2. Nc3 Nc6 3. Nf3 g6 4. d3 Bg7 5. Bd2 Nf6 6. Rb1 O-O 7. a3 e6 8. g3 d5
9. Bg2 d4 10. Ne2 e5 11. Qc1 Re8 12. O-O c4 13. Kh1 Bd7 14. Nfg1 cxd3 15. cxd3
Rc8 16. Qd1 Nh5 17. f4 f5 18. Qb3+ Kh8 19. Qxb7 Rb8 20. Qa6 Rb6 21. Qc4 Be6 22.
Qc1 fxe4 23. Bxe4 Bd5 24. Bxd5 Qxd5+ 25. Nf3 Rb3 26. Qc4 Qxc4 27. dxc4 e4 28.
Ne5 Nxe5 29. Nxd4 Rd3 30. fxe5 Rxd4 31. Bc3 Rxc4 32. Rbd1 e3 33. Rd7 e2 34. Re1
Re4 35. Rxa7 Bxe5 36. Bxe5+ R4xe5 37. Rd7 Nf6 38. Rd2 Ne4 39. Rc2 Nf2+ 40. Kg2
Nd3 0-1

[Event "K41 Aabent Mesterskab 2009-10"]
[Site "Valby"]
[Date "2009.11.03"]
[Round "1"]
[White "Gjelstrup, Ole"]
[Black "Jorgensen, Rasmus"]
[Result "0-1"]
[WhiteElo "1438"]
[BlackElo "1928"]
[PlyCount "84"]
[EventDate "2009.??.??"]

1. e4 g6 2. d4 Bg7 3. Bc4 d6 4. Ne2 Nc6 5. a3 Nf6 6. Nbc3 a6 7. O-O O-O 8. f4
Nxe4 9. Bxf7+ Rxf7 10. Nxe4 Bg4 11. c3 h6 12. h3 Bf5 13. N2g3 Qd7 14. Be3 e6
15. Qe2 Ne7 16. Rae1 Raf8 17. h4 Nd5 18. Nf2 h5 19. Nxf5 exf5 20. Qf3 c6 21.
Qg3 Kh7 22. Nh3 Re7 23. Ng5+ Kh6 24. Bd2 Rfe8 25. Rxe7 Rxe7 26. Re1 Bf6 27. Kh2
b5 28. Kh3 Qe8 29. Rxe7 Qxe7 30. Qf3 Kg7 31. b3 Bxg5 32. hxg5 Qe4 33. Qxe4 fxe4
34. Kg3 Kf7 35. Kf2 Ke6 36. c4 Ne7 37. Be3 Nf5 38. cxb5 cxb5 39. Ke2 Nxe3 40.
Kxe3 d5 41. Kf2 Kf5 42. Kg3 h4+ 0-1

[Event "K41 Aabent Mesterskab 2009-10"]
[Site "Valby"]
[Date "2009.11.03"]
[Round "1"]
[White "Glibstrup, Jakob"]
[Black "Olsen, Kim"]
[Result "1-0"]
[WhiteElo "1954"]
[BlackElo "1524"]
[PlyCount "77"]
[EventDate "2009.??.??"]

1. e4 c5 2. Nf3 d6 3. d4 cxd4 4. Nxd4 Nf6 5. Nc3 a6 6. Be3 e5 7. Nb3 Be7 8. f3
Qc7 9. Qd2 Be6 10. O-O-O Nbd7 11. g4 Nb6 12. Kb1 d5 13. Bxb6 Qxb6 14. g5 Nh5
15. exd5 Rd8 16. Qe1 Bc8 17. Qxe5 Qd6 18. Qxd6 Bxd6 19. Re1+ Kd7 20. Bh3+ Kc7
21. Bxc8 Kxc8 22. Ne4 Be5 23. Rd1 f5 24. Nec5 Nf4 25. c4 Rhe8 26. Nd4 Rd6 27.
Nxf5 Rb6 28. b3 Ne2 29. Ne4 g6 30. Nfg3 Nc3+ 31. Nxc3 Bxc3 32. Ne4 Be5 33. Rhe1
Rf8 34. Rd3 a5 35. Nc5 Bd6 36. Ne6 Rf7 37. c5 Bxc5 38. Nxc5 Rf4 39. Re8+ 1-0

[Event "K41 Aabent Mesterskab 2009-10"]
[Site "Valby"]
[Date "2009.11.03"]
[Round "1"]
[White "Hestehauge, Klaus"]
[Black "Nissen, Kaspar"]
[Result "1/2-1/2"]
[WhiteElo "1925"]
[BlackElo "1418"]
[PlyCount "82"]
[EventDate "2009.??.??"]

1. d4 Nf6 2. Nf3 g6 3. Nc3 Bg7 4. e4 d6 5. Be2 O-O 6. Bg5 Nbd7 7. Qd2 c5 8. d5
Ng4 9. h3 Nge5 10. Bh6 Nxf3+ 11. Bxf3 Ne5 12. Be2 f5 13. Bxg7 Kxg7 14. f4 Nf7
15. O-O-O e5 16. g4 fxg4 17. fxe5 Nxe5 18. hxg4 g5 19. Qe3 h6 20. Qh3 Rf6 21.
Rdf1 Rxf1+ 22. Rxf1 Bd7 23. Nd1 Qe7 24. Ne3 Rf8 25. b3 Rxf1+ 26. Qxf1 Qf6 27.
Qxf6+ Kxf6 28. Kd2 b5 29. c3 a6 30. a3 a5 31. b4 axb4 32. axb4 c4 33. Ke1 Ng6
34. Nf5 Bxf5 35. gxf5 Nf4 36. Bf3 h5 37. Kf2 g4 38. Bd1 Ke5 39. Ke3 Nd3 40. Be2
Nf4 41. Bf1 Nd3 1/2-1/2

[Event "K41 Aabent Mesterskab 2009-10"]
[Site "Valby"]
[Date "2009.11.03"]
[Round "1"]
[White "Jorgensen, Kasper Moller"]
[Black "Rasmussen, Morten(1956)"]
[Result "1-0"]
[WhiteElo "2013"]
[BlackElo "1599"]
[PlyCount "93"]
[EventDate "2009.??.??"]

1. e4 c5 2. Nf3 e6 3. d4 cxd4 4. Nxd4 Nc6 5. Nc3 Qc7 6. Be3 a6 7. Bd3 Nf6 8.
O-O b5 9. Nxc6 Qxc6 10. f3 Bc5 11. Qe2 d6 12. Kh1 Bxe3 13. Qxe3 Bb7 14. a4 b4
15. Na2 Qxa4 16. Qb6 Qc6 17. Qxc6+ Bxc6 18. Nxb4 Bb7 19. Nxa6 Ke7 20. b4 Rhc8
21. b5 Nd7 22. h3 Ne5 23. Nb4 Nxd3 24. cxd3 Rc5 25. Rxa8 Bxa8 26. Rb1 e5 27. b6
Bb7 28. Rb2 Kd7 29. Nc2 Kc6 30. Na3 Ba6 31. Nc4 Rb5 32. Rxb5 Bxb5 33. b7 Kxb7
34. Nxd6+ Kc6 35. Nxb5 Kxb5 36. Kg1 Kb4 37. Kf2 Kc3 38. Ke3 g5 39. g3 f6 40.
Ke2 Kc2 41. h4 gxh4 42. gxh4 Kc3 43. h5 h6 44. Ke3 Kc2 45. d4 exd4+ 46. Kxd4
Kd2 47. f4 1-0

[Event "K41 Aabent Mesterskab 2009-10"]
[Site "Valby"]
[Date "2009.11.03"]
[Round "1"]
[White "Karup, Jesper"]
[Black "Greger, Roland Reinhard"]
[Result "0-1"]
[WhiteElo "1706"]
[BlackElo "2370"]
[PlyCount "70"]
[EventDate "2009.??.??"]

1. e4 e6 2. d3 c5 3. g3 Nc6 4. Bg2 d6 5. Nf3 g6 6. O-O Bg7 7. Nbd2 Nge7 8. Re1
O-O 9. Nf1 Nd4 10. h4 Nxf3+ 11. Bxf3 Nc6 12. h5 Ne5 13. Be2 f5 14. f4 Nc6 15.
exf5 gxf5 16. c3 b5 17. Bf3 Qc7 18. a4 bxa4 19. Qxa4 Bd7 20. Qc2 a5 21. Be3
Rab8 22. Nd2 Rb5 23. Nc4 Rfb8 24. Reb1 Ne7 25. Qf2 Bxc3 26. g4 Nd5 27. gxf5
Nxe3 28. Nxe3 Bd4 29. Kh1 Kh8 30. Rg1 exf5 31. Qg3 Be6 32. Nd5 Qf7 33. Rg2 Bxd5
34. Bxd5 Qxd5 35. Rag1 Rxb2 0-1

[Event "K41 Aabent Mesterskab 2009-10"]
[Site "Valby"]
[Date "2009.11.03"]
[Round "1"]
[White "Laursen, Niels Norskov"]
[Black "Mouritsen, Jan"]
[Result "1-0"]
[WhiteElo "2172"]
[BlackElo "1705"]
[PlyCount "95"]
[EventDate "2009.??.??"]

1. c4 e6 2. g3 d5 3. Bg2 f5 4. Nf3 Nf6 5. O-O c6 6. d3 Bd6 7. Nc3 O-O 8. e4
dxe4 9. dxe4 Qc7 10. Qe2 e5 11. Bd2 Kh8 12. Rae1 fxe4 13. Nxe4 Nxe4 14. Qxe4
Bf5 15. Qe2 Nd7 16. Bc3 Rae8 17. Ng5 Nf6 18. Ne4 Nxe4 19. Bxe4 Qf7 20. Bxf5
Qxf5 21. Qe4 Bc5 22. Qxf5 Rxf5 23. Re2 Kg8 24. Kg2 g5 25. h3 h5 26. Rd1 Kf7 27.
b4 Bf8 28. a3 Bg7 29. Re4 Re6 30. Rd8 Ref6 31. Re2 Re6 32. Rd7+ Re7 33. Rxe7+
Kxe7 34. f3 Ke6 35. Rd2 Rf7 36. Re2 Rf5 37. Bd2 Bf8 38. g4 hxg4 39. hxg4 Rf7
40. Bxg5 a5 41. bxa5 Bxa3 42. f4 Rd7 43. f5+ Kf7 44. Rd2 Rd4 45. Rxd4 exd4 46.
Kf3 Be7 47. Bxe7 Kxe7 48. c5 1-0

[Event "K41 Aabent Mesterskab 2009-10"]
[Site "Valby"]
[Date "2009.11.03"]
[Round "1"]
[White "Lofberg, Jan"]
[Black "Eiholt, Bjarne"]
[Result "1-0"]
[WhiteElo "1801"]
[BlackElo "1360"]
[PlyCount "37"]
[EventDate "2009.??.??"]

1. e4 c6 2. d4 d5 3. e5 Bf5 4. h4 h6 5. g4 Be4 6. f3 Bh7 7. e6 fxe6 8. Bd3 Bxd3
9. Qxd3 Qd6 10. f4 Nf6 11. Nf3 Ne4 12. Nc3 Nd7 13. Nxe4 dxe4 14. Qxe4 O-O-O 15.
c3 g6 16. Qxg6 Rg8 17. Qxg8 Nf6 18. Qg6 Nd5 19. Ne5 1-0

[Event "K41 Aabent Mesterskab 2009-10"]
[Site "Valby"]
[Date "2009.11.03"]
[Round "1"]
[White "Meldal, Peter"]
[Black "Askov, Leon"]
[Result "1-0"]
[WhiteElo "1380"]
[BlackElo "1090"]
[PlyCount "54"]
[EventDate "2009.??.??"]

1. e4 c6 2. d4 d5 3. e5 Bf5 4. Nf3 e6 5. c4 dxc4 6. Bxc4 Ne7 7. Nc3 Nd7 8. O-O
Nb6 9. Bb3 Ned5 10. a3 Be7 11. Re1 O-O 12. Ne4 h6 13. Ng3 Bh7 14. Bc2 c5 15.
Bxh7+ Kxh7 16. Re4 Qc7 17. Rg4 cxd4 18. Qxd4 g6 19. Qd2 g5 20. Qd3+ Kh8 21. h4
f6 22. Qg6 Bd8 23. Qxh6+ Qh7 24. Qxh7+ Kxh7 25. hxg5 f5 26. Rh4+ Kg7 27. Rh6 f4
1-0

[Event "K41 Aabent Mesterskab 2009-10"]
[Site "Valby"]
[Date "2009.11.03"]
[Round "1"]
[White "Mikkelsen, Leif"]
[Black "Porte, Henrik"]
[Result "0-1"]
[WhiteElo "1700"]
[BlackElo "2136"]
[PlyCount "66"]
[EventDate "2009.??.??"]

1. Nf3 d5 2. g3 Nf6 3. Bg2 e6 4. O-O Be7 5. d3 O-O 6. Nbd2 c5 7. e4 b6 8. exd5
exd5 9. d4 Bb7 10. dxc5 bxc5 11. Re1 Nbd7 12. Nh4 Re8 13. Nf5 Bf8 14. Rxe8 Qxe8
15. Nb3 a5 16. Bf4 a4 17. Nd2 Ra6 18. c4 Qa8 19. Qc2 d4 20. Bxb7 Qxb7 21. Re1
h6 22. h4 Nh5 23. Qe4 Qxe4 24. Rxe4 Nxf4 25. gxf4 Nf6 26. Re1 Nh5 27. Ne7+ Bxe7
28. Rxe7 Nxf4 29. Re8+ Kh7 30. Rc8 Nd3 31. b3 axb3 32. axb3 Re6 33. Kg2 Re2 0-1

[Event "K41 Aabent Mesterskab 2009-10"]
[Site "Valby"]
[Date "2009.11.03"]
[Round "1"]
[White "Mollmann, Erik"]
[Black "Tandrup, Michael"]
[Result "0-1"]
[WhiteElo "1517"]
[BlackElo "1934"]
[PlyCount "64"]
[EventDate "2009.??.??"]

1. d4 Nf6 2. Bf4 d5 3. e3 e6 4. Nd2 c5 5. c3 Nc6 6. Ngf3 Be7 7. Ne5 O-O 8. Bd3
Qb6 9. dxc5 Qxb2 10. Qc1 Qxc1+ 11. Rxc1 Nxe5 12. Bxe5 Nd7 13. Bd6 Nxc5 14.
Bxh7+ Kxh7 15. Bxe7 Nd3+ 16. Ke2 Nxc1+ 17. Rxc1 Re8 18. Bh4 Bd7 19. Bg3 Rac8
20. Nf3 f6 21. Kd2 Rc5 22. Bd6 Rc6 23. Bb4 e5 24. a4 a5 25. Bxa5 Ra8 26. Bb4
Rxa4 27. Ne1 Bf5 28. f3 Ra2+ 29. Kd1 Rca6 30. g4 Bd7 31. Nd3 Rxh2 32. c4 Ba4+
0-1

[Event "K41 Aabent Mesterskab 2009-10"]
[Site "Valby"]
[Date "2009.11.03"]
[Round "1"]
[White "Nielsen, Jorgen Holmstrom"]
[Black "Gjedde, Thomas"]
[Result "0-1"]
[WhiteElo "1650"]
[BlackElo "2057"]
[PlyCount "129"]
[EventDate "2009.??.??"]

1. Nc3 e5 2. Nf3 Nc6 3. d4 exd4 4. Nxd4 Nf6 5. Bg5 Bc5 6. e3 h6 7. Bh4 Bb4 8.
Be2 d6 9. O-O g5 10. Nxc6 bxc6 11. Bg3 h5 12. f4 g4 13. Bh4 d5 14. Qd4 Be7 15.
Rad1 Rg8 16. Qe5 Qd6 17. Bxf6 Qxf6 18. Qxh5 Rh8 19. Qe5 Qh6 20. f5 Kf8 21. Qf4
Bd7 22. Qxh6+ Rxh6 23. Bxg4 Bc5 24. Rf3 Rb8 25. b3 Re8 26. Rd3 Bc8 27. Na4 Bd6
28. Rh3 Rxh3 29. Bxh3 Ba6 30. Rd2 Rxe3 31. g3 Bb5 32. Kf2 Re5 33. Bg4 Bxa4 34.
bxa4 Re4 35. h3 Rxa4 36. Bf3 Rxa2 37. g4 Kg7 38. h4 f6 39. Ke3 Bg3 40. Kd4 Ra4+
41. Kd3 Ra3+ 42. Ke2 Bxh4 43. c4 Bg5 44. Rd1 Bf4 45. cxd5 c5 46. Rb1 a5 47. Rb8
c4 48. d6 Ra2+ 49. Kf1 Bxd6 50. Bd5 Ra4 51. Kg2 c3 52. Rg8+ Kh7 53. g5 c2 54.
g6+ Kh6 55. Rh8+ Kg5 56. g7 Rg4+ 57. Kf3 Rg3+ 58. Ke4 Rg4+ 59. Kf3 Rg3+ 60. Ke4
Re3+ 61. Kxe3 c1=Q+ 62. Ke2 Qb2+ 63. Kd3 Qa3+ 64. Ke2 Qb2+ 65. Kd3 0-1

[Event "K41 Aabent Mesterskab 2009-10"]
[Site "Valby"]
[Date "2009.11.03"]
[Round "1"]
[White "Nielsen, Leonard de Freitas"]
[Black "Nielsen, Soren Skovso"]
[Result "1-0"]
[WhiteElo "1930"]
[BlackElo "1454"]
[PlyCount "109"]
[EventDate "2009.??.??"]

1. Nf3 Nf6 2. c4 e6 3. g3 Be7 4. Bg2 Nc6 5. O-O d6 6. d4 O-O 7. Nc3 d5 8. Ne5
Nxe5 9. dxe5 Nd7 10. cxd5 exd5 11. Nxd5 Nxe5 12. Bf4 Bd6 13. Rc1 Bd7 14. Qd2
Be6 15. Rfd1 Nc6 16. Bxd6 Qxd6 17. Qg5 Bxd5 18. Bxd5 Qb4 19. b3 h6 20. Qh5 Rad8
21. Rc4 Qb6 22. Rg4 Ne7 23. Bxf7+ Kh8 24. Rxd8 Rxd8 25. Qe5 Qf6 26. Qxf6 gxf6
27. Re4 Nf5 28. Re8+ Rxe8 29. Bxe8 Kg7 30. e3 c5 31. Kf1 Nd6 32. Bd7 a5 33. a4
Kf7 34. Bg4 Ke7 35. Ke2 b6 36. Kd3 Nf7 37. f4 Nd6 38. h4 Nf7 39. e4 Kd6 40. Bh5
Nd8 41. Be8 Ne6 42. Bf7 Nd4 43. Bd5 Ke7 44. g4 Nf3 45. h5 Kd6 46. Bf7 Nd4 47.
Bd5 Nf3 48. Ke3 Nd4 49. g5 fxg5 50. fxg5 Ke7 51. gxh6 Kf8 52. Kf4 b5 53. Kg5
bxa4 54. bxa4 Nf3+ 55. Kf6 1-0

[Event "K41 Aabent Mesterskab 2009-10"]
[Site "Valby"]
[Date "2009.11.03"]
[Round "1"]
[White "Nielsen, Michael"]
[Black "Jorgensen, Orla Eilegaard"]
[Result "1-0"]
[WhiteElo "2053"]
[BlackElo "1643"]
[PlyCount "103"]
[EventDate "2009.??.??"]

1. e4 c5 2. Nf3 d6 3. d4 cxd4 4. Nxd4 Nc6 5. Nc3 Nf6 6. Bc4 e6 7. O-O Be7 8.
Be3 a6 9. f3 Qc7 10. Bb3 Na5 11. Qe2 Nxb3 12. axb3 O-O 13. Qf2 Bd7 14. g4 h6
15. Nde2 b5 16. Nf4 Bc6 17. Rad1 Rac8 18. b4 Nd7 19. Qg3 Ne5 20. Nd3 Nc4 21.
Bf4 e5 22. Bc1 Qb6+ 23. Qf2 Qb7 24. b3 Nb6 25. Be3 Nd7 26. Qd2 g5 27. Nf2 Kh7
28. Nh1 Nf6 29. Ng3 Bd7 30. Rf2 Nxg4 31. fxg4 Bxg4 32. Rdf1 f6 33. Nd5 Bh3 34.
Rc1 Bd8 35. Nf5 Rc6 36. Qe2 Bxf5 37. Rxf5 Qf7 38. c4 bxc4 39. bxc4 Qd7 40. Qh5
Qg7 41. c5 dxc5 42. Rxc5 Rd6 43. Rc2 Qd7 44. Rd2 Qc6 45. Bc5 Bb6 46. Bxb6 Qc1+
47. Qd1 Qc6 48. Bc5 Rfd8 49. Bxd6 Rxd6 50. Nxf6+ Rxf6 51. Rd7+ Kg6 52. Rxf6+
1-0

[Event "K41 Aabent Mesterskab 2009-10"]
[Site "Valby"]
[Date "2009.11.03"]
[Round "1"]
[White "Petersen, Steen Brustrup"]
[Black "Henriksen, Christian"]
[Result "1-0"]
[WhiteElo "2130"]
[BlackElo "1690"]
[PlyCount "93"]
[EventDate "2009.??.??"]

1. e4 e6 2. d3 d5 3. Nd2 c5 4. Ngf3 Nc6 5. g3 Nf6 6. Bg2 Be7 7. O-O O-O 8. e5
Nd7 9. Re1 f6 10. exf6 Nxf6 11. Qe2 Bd6 12. c4 a5 13. Nf1 Qc7 14. Bg5 h6 15.
Bxf6 Rxf6 16. Ne3 Ne7 17. Nd2 Kh8 18. cxd5 exd5 19. Nxd5 Nxd5 20. Bxd5 Bf5 21.
Ne4 Bxe4 22. dxe4 Be5 23. f4 Bd4+ 24. Kg2 g5 25. f5 Rb6 26. Rab1 Qe5 27. b3 Rf8
28. Qf3 Rff6 29. Rec1 Rf8 30. g4 Qf6 31. Rc4 Qe5 32. Rbc1 Qf6 33. Qg3 Be5 34.
Qe1 Bd4 35. Qxa5 Qd6 36. Qd2 Be5 37. Rxc5 Bf4 38. Qc3+ Kh7 39. Rc7+ Qxc7 40.
Qxc7+ Bxc7 41. Rxc7+ Kh8 42. Bxb7 Rd8 43. Bd5 Rb4 44. Bc4 Rd2+ 45. Kf3 Rxa2 46.
e5 Rb8 47. f6 1-0

[Event "K41 Aabent Mesterskab 2009-10"]
[Site "Valby"]
[Date "2009.11.03"]
[Round "1"]
[White "Truelsen, Ole Illum"]
[Black "Hojland, Ulrik"]
[Result "1-0"]
[WhiteElo "1715"]
[BlackElo "1122"]
[PlyCount "63"]
[EventDate "2009.??.??"]

1. c4 Nf6 2. Nc3 g6 3. e4 d6 4. d4 Bg7 5. Be2 O-O 6. Bg5 e5 7. d5 a5 8. Qd2 Na6
9. Bd3 Nc5 10. Bc2 a4 11. Nge2 Qe8 12. O-O Nfd7 13. Nb5 Na6 14. Bxa4 f5 15. f3
Qf7 16. b4 Nb6 17. Bb3 Bd7 18. Be3 Nxd5 19. exd5 f4 20. Bf2 e4 21. Bd4 exf3 22.
Rxf3 Bh6 23. a3 Rae8 24. Bc3 Bg4 25. Rf2 Bxe2 26. Rxe2 f3 27. Qd4 f2+ 28. Kf1
Bg7 29. Qxg7+ Qxg7 30. Bxg7 Rxe2 31. Kxe2 Kxg7 32. Rf1 1-0

[Event "K41 Aabent Mesterskab 2009-10"]
[Site "Valby"]
[Date "2009.11.03"]
[Round "1"]
[White "Wadtland, Flemming"]
[Black "Skjoldager, Mikael"]
[Result "0-1"]
[WhiteElo "1170"]
[BlackElo "1753"]
[PlyCount "62"]
[EventDate "2009.??.??"]

1. c4 e5 2. Nc3 g6 3. Nf3 Bg7 4. g3 d6 5. Bg2 f5 6. e3 Nf6 7. d4 e4 8. Nd2 O-O
9. Ndxe4 fxe4 10. Nxe4 c6 11. Nc3 Be6 12. Qb3 Rf7 13. d5 cxd5 14. cxd5 Bc8 15.
O-O Na6 16. Re1 Nc5 17. Qc2 b6 18. Rb1 Ba6 19. b4 Bd3 20. Qd2 Bxb1 21. Nxb1
Ncd7 22. Bh3 Rf8 23. e4 Ne5 24. Qe2 Nfd7 25. Be6+ Kh8 26. f4 Nf7 27. Qg4 Nf6
28. Qh3 Qc7 29. g4 Nxe4 30. Ba3 Bd4+ 31. Kh1 Nf2+ 0-1

[Event "K41 Aabent Mesterskab 2009-10"]
[Site "Valby"]
[Date "2009.11.03"]
[Round "1"]
[White "Weber, John"]
[Black "Krogh, Soren"]
[Result "1-0"]
[WhiteElo "1776"]
[BlackElo "1183"]
[PlyCount "81"]
[EventDate "2009.??.??"]

1. f4 e5 2. fxe5 d6 3. exd6 Bxd6 4. Nf3 g5 5. g3 g4 6. Nh4 Ne7 7. Bg2 Ng6 8.
Nxg6 fxg6 9. d4 Nc6 10. e4 Qe7 11. c3 Qg7 12. O-O h5 13. Bg5 Be7 14. Bxe7 Qxe7
15. e5 Bf5 16. Qb3 O-O-O 17. Na3 h4 18. Rae1 hxg3 19. hxg3 Rh5 20. Qb5 Bd7 21.
Qe2 Bf5 22. Nc4 Rdh8 23. Ne3 Qh7 24. Nxg4 Bxg4 25. Qxg4+ Rf5 26. Rxf5 gxf5 27.
Qg5 Ne7 28. Kf2 Qf7 29. Qf6 Qf8 30. Rh1 Rg8 31. Qxf8+ Rxf8 32. Rh7 Ng6 33. Rg7
Nh8 34. Bd5 Re8 35. Kf3 c6 36. Bb3 a5 37. Kf4 Rf8 38. Rg8 Rxg8 39. Bxg8 Ng6+
40. Kg5 Ne7 41. Be6+ 1-0

[Event "K41 Aabent Mesterskab 2009-10"]
[Site "Valby"]
[Date "2009.11.20"]
[Round "2"]
[White "Christensen, Esben"]
[Black "Truelsen, Ole Illum"]
[Result "1-0"]
[WhiteElo "1963"]
[BlackElo "1715"]
[PlyCount "49"]
[EventDate "2009.??.??"]

1. e4 e6 2. Nf3 c6 3. d4 d5 4. Bd3 Be7 5. O-O dxe4 6. Bxe4 Na6 7. c4 Nf6 8. Nc3
Nxe4 9. Nxe4 O-O 10. Be3 f5 11. Nc3 Bf6 12. Bf4 g5 13. Be5 b6 14. Qd2 g4 15.
Bxf6 Qxf6 16. Ne5 c5 17. Qf4 cxd4 18. Nb5 Kg7 19. Rad1 Rd8 20. f3 gxf3 21. Rxf3
Bb7 22. Rg3+ Kh8 23. Ng4 Qg7 24. Ne5 Qf6 25. Nf7+ 1-0

[Event "K41 Aabent Mesterskab 2009-10"]
[Site "Valby"]
[Date "2009.11.17"]
[Round "2"]
[White "Eiholt, Bjarne"]
[Black "Nielsen, Jorgen Holmstrom"]
[Result "0-1"]
[WhiteElo "1360"]
[BlackElo "1650"]
[PlyCount "64"]
[EventDate "2009.??.??"]

1. d4 Nf6 2. c4 e5 3. dxe5 Ng4 4. Nf3 Nc6 5. Bf4 Bb4+ 6. Nc3 Qe7 7. a3 Bxc3+ 8.
bxc3 Ngxe5 9. Nxe5 Nxe5 10. e3 d6 11. Be2 Be6 12. Qb3 c6 13. a4 O-O 14. O-O f5
15. h3 Qf7 16. Rfd1 Nxc4 17. Qc2 d5 18. Bxc4 dxc4 19. Rd6 Bd5 20. Qb2 Rad8 21.
Qb4 Rd7 22. Rxd7 Qxd7 23. f3 h6 24. Rd1 Qf7 25. Rb1 b6 26. a5 b5 27. Qc5 g5 28.
Be5 g4 29. Bd6 Rd8 30. fxg4 fxg4 31. Rf1 Qg6 32. h4 Qxd6 0-1

[Event "K41 Aabent Mesterskab 2009-10"]
[Site "Valby"]
[Date "2009.11.17"]
[Round "2"]
[White "Gjedde, Thomas"]
[Black "Lofberg, Jan"]
[Result "1-0"]
[WhiteElo "2057"]
[BlackElo "1801"]
[PlyCount "37"]
[EventDate "2009.??.??"]

1. d4 f5 2. c4 Nf6 3. g3 e6 4. Bg2 Be7 5. Nf3 O-O 6. O-O Qe8 7. Nc3 c6 8. d5
Ne4 9. Nxe4 fxe4 10. Nd4 exd5 11. cxd5 Qg6 12. Qc2 cxd5 13. Qb3 Qh5 14. Bxe4
Nc6 15. Qxd5+ Qxd5 16. Bxd5+ Kh8 17. Be3 Ne5 18. Nb5 a6 19. Nc7 1-0

[Event "K41 Aabent Mesterskab 2009-10"]
[Site "Valby"]
[Date "2009.11.17"]
[Round "2"]
[White "Greger, Roland Reinhard"]
[Black "Nielsen, Leonard de Freitas"]
[Result "1-0"]
[WhiteElo "2370"]
[BlackElo "1930"]
[PlyCount "45"]
[EventDate "2009.??.??"]

1. e4 c5 2. Nf3 Nc6 3. c3 Nf6 4. e5 Nd5 5. Bc4 e6 6. O-O Be7 7. d4 cxd4 8. cxd4
O-O 9. Nc3 Nb6 10. Bd3 d6 11. Qe2 Nb4 12. Bb1 f5 13. exf6 Bxf6 14. Ne4 N4d5 15.
Neg5 h6 16. h4 Bxg5 17. hxg5 Nf4 18. Qe4 hxg5 19. Qh7+ Kf7 20. Bxf4 gxf4 21.
Bg6+ Kf6 22. Bh5 Rg8 23. Qg6+ 1-0

[Event "K41 Aabent Mesterskab 2009-10"]
[Site "Valby"]
[Date "2009.11.17"]
[Round "2"]
[White "Jorgensen, Rasmus"]
[Black "Petersen, Steen Brustrup"]
[Result "1/2-1/2"]
[WhiteElo "1928"]
[BlackElo "2130"]
[PlyCount "74"]
[EventDate "2009.??.??"]

1. e4 c5 2. Nf3 d6 3. d4 cxd4 4. Nxd4 Nf6 5. Nc3 a6 6. Be3 Ng4 7. Bg5 h6 8. Bh4
g5 9. Bg3 Bg7 10. h3 Ne5 11. f3 Nbc6 12. Bf2 b5 13. Nd5 Rb8 14. a3 e6 15. Nb4
Qc7 16. Nbxc6 Nxc6 17. Nxc6 Qxc6 18. Bd4 Be5 19. Bxe5 dxe5 20. Qd2 Ke7 21.
O-O-O Bb7 22. Qb4+ Kf6 23. Rd6 Qc7 24. Be2 Rbc8 25. Rd2 Rhd8 26. Rhd1 Rd4 27.
Qb3 Qc5 28. h4 Rxd2 29. Rxd2 Qg1+ 30. Bd1 Rc4 31. hxg5+ hxg5 32. Qd3 Rd4 33.
Qc3 Rc4 34. Qd3 Rd4 35. Qc3 Rxd2 36. Qxd2 Qd4 37. c3 Qxd2+ 1/2-1/2

[Event "K41 Aabent Mesterskab 2009-10"]
[Site "Valby"]
[Date "2009.11.17"]
[Round "2"]
[White "Meldal, Peter"]
[Black "Glibstrup, Jakob"]
[Result "0-1"]
[WhiteElo "1380"]
[BlackElo "1954"]
[PlyCount "50"]
[EventDate "2009.??.??"]

1. e4 Nf6 2. Nc3 d5 3. exd5 Nxd5 4. Nxd5 Qxd5 5. d4 Nc6 6. Nf3 Bg4 7. c4 Qe4+
8. Be2 Bxf3 9. gxf3 Qxd4 10. Qxd4 Nxd4 11. Bd1 O-O-O 12. Be3 e5 13. O-O Nf5 14.
b3 Nxe3 15. fxe3 Bc5 16. Re1 Rd3 17. Kf2 Rhd8 18. Bc2 Rxe3 19. Bf5+ Kb8 20.
Rxe3 Rd2+ 21. Kg3 Bxe3 22. Bxh7 g6 23. Bg8 Bf4+ 24. Kg4 f5+ 25. Kh3 Rxh2# 0-1

[Event "K41 Aabent Mesterskab 2009-10"]
[Site "Valby"]
[Date "2009.11.17"]
[Round "2"]
[White "Moller, Arne Vagn"]
[Black "Nielsen, Michael"]
[Result "0-1"]
[WhiteElo "1790"]
[BlackElo "2053"]
[PlyCount "130"]
[EventDate "2009.??.??"]

1. e4 c5 2. b3 Nc6 3. Bb2 d6 4. Nf3 Nf6 5. d3 g6 6. Be2 Bg7 7. O-O O-O 8. c3
Nh5 9. d4 Nf4 10. Re1 Qc7 11. Na3 a6 12. Bf1 b5 13. Nc2 Qa7 14. Bc1 Nh5 15. Be3
Qc7 16. Qd2 Nf6 17. Bh6 e5 18. Bxg7 Kxg7 19. d5 Ne7 20. c4 Qb6 21. Rab1 Bg4 22.
Nh4 h6 23. Bd3 Rab8 24. Ne3 Bd7 25. g3 Nh5 26. Be2 Nf6 27. Bd3 Nh7 28. f4 f6
29. Kh1 Qd8 30. Rg1 Qe8 31. Qe2 Kh8 32. Nf3 Qf7 33. Rbf1 Qg7 34. Nd2 b4 35. Rf2
a5 36. Bc2 Ra8 37. fxe5 fxe5 38. Rgf1 Rxf2 39. Rxf2 Rf8 40. Rxf8+ Qxf8 41. Bd1
Kg7 42. Qg2 h5 43. Nf3 Ng8 44. Nh4 Qf6 45. Kg1 Nh6 46. Qf2 Qe7 47. Nf3 Ng4 48.
Nxg4 hxg4 49. Nd2 Ng5 50. Qe3 Qf6 51. Kg2 Nh3 52. Be2 Nf4+ 53. gxf4 exf4 54.
Qf2 f3+ 55. Nxf3 gxf3+ 56. Bxf3 a4 57. bxa4 Bxa4 58. h4 Bd7 59. Qe2 Qxh4 60.
Qb2+ Qf6 61. Qxf6+ Kxf6 62. Kf2 Ba4 63. Ke3 Bc2 64. Kd2 Bb1 65. Kc1 Bd3 0-1

[Event "K41 Aabent Mesterskab 2009-10"]
[Site "Valby"]
[Date "2009.11.17"]
[Round "2"]
[White "Mouritsen, Jan"]
[Black "Mollmann, Erik"]
[Result "1-0"]
[WhiteElo "1705"]
[BlackElo "1517"]
[PlyCount "95"]
[EventDate "2009.??.??"]

1. d4 d5 2. Nf3 Bf5 3. c4 c6 4. Nc3 e6 5. e3 Nd7 6. Bd2 Ngf6 7. Nh4 Bg4 8. Nf3
Ne4 9. Bd3 Nxd2 10. Qxd2 Bxf3 11. gxf3 Qg5 12. O-O-O dxc4 13. Bxc4 Qa5 14. e4
Nb6 15. Bb3 O-O-O 16. Qf4 f6 17. Bxe6+ Nd7 18. Rhg1 Qc7 19. Qxc7+ Kxc7 20. f4
g6 21. Rg3 Bh6 22. Ne2 Rde8 23. d5 Nc5 24. f3 Nxe6 25. dxe6 Rxe6 26. Rh3 Bg7
27. f5 gxf5 28. Nd4 Rd6 29. Nxf5 Rxd1+ 30. Kxd1 Bf8 31. Ke2 Kd7 32. f4 h6 33.
Rd3+ Kc7 34. Nd4 Kb6 35. Ne6 Be7 36. f5 Rg8 37. Kf3 Rg1 38. Rd7 Bc5 39. Nxc5
Kxc5 40. Rxb7 a5 41. Rb3 Rc1 42. Rc3+ Rxc3+ 43. bxc3 Kc4 44. e5 Kd5 45. exf6
Kd6 46. Ke4 Kd7 47. Ke5 Ke8 48. c4 1-0